000 00828nam a2200229Ii 4500
003 JO-AjNU
008 230605s9999||||xx |||||||||||||| ||und||
017 _a2009/6/2346
020 _a978-9957-70-249-6
040 _aJO-AjNU
_bara
_erda
_cJO-AjNU
041 _aara
050 1 4 _aBP173.75.W2238.2010
100 3 _aالوادي،حازم محمود عيسى,
_eauthor
_928135
245 0 0 _aكفاءة السياسة النقدية في الإسلام :دراسة مقارنة
250 _aط1
264 3 1 _aاربد:عالم الكتب الحديث للنشر والتوزيع ، 2010
300 _a250ص
336 _atext
_btxt
_2rdacontent
337 _aunmediated
_bn
_2rdamedia
338 _avolume
_bnc
_2rdacarrier
650 4 _aالسياسة المالية-الاقتصاد الاسلامي-النقود
_928136
999 _aA10874
_c14442
_d14442